KOHA-Header-6

Machine Learning for Big Data (Hands-On For Developer's And Technical Professionals) (Record no. 383)

000 -LEADER
fixed length control field 00369nam a2200121Ia 4500
008 - FIXED-LENGTH DATA ELEMENTS--GENERAL INFORMATION
fixed length control field 190722s9999 xx 000 0 und d
020 ## - INTERNATIONAL STANDARD BOOK NUMBER
International Standard Book Number 978-81-256-5337-2
100 ## - MAIN ENTRY--PERSONAL NAME
Personal name Jason Bell
245 #0 - TITLE STATEMENT
Title Machine Learning for Big Data (Hands-On For Developer's And Technical Professionals)
260 ## - PUBLICATION, DISTRIBUTION, ETC. (IMPRINT)
Place of publication, distribution, etc New Delhi
Name of publisher, distributor, etc John Wiley & Sons.Inc. (India)
Date of publication, distribution, etc 2015
300 ## - PHYSICAL DESCRIPTION
Extent 380
942 ## - ADDED ENTRY ELEMENTS (KOHA)
Koha item type Books
Holdings
Withdrawn status Lost status Damaged status Not for loan Collection code Permanent Location Current Location Shelving location Date acquired Total Checkouts Full call number Barcode Date last seen Date checked out Price effective from Koha item type
        CSE MAJU MAJU Shelf No.A31 2019-07-22 3 572.80113 7009 2022-02-01 2022-01-31 2019-07-22 Computer System Engineering

Powered by Koha